La Danse Classique Cambodgienne (Record no. 1506)
[ view plain ]
| 000 -LEADER | |
|---|---|
| fixed length control field | 01104nam a22002657a 4500 |
| 005 - DATE AND TIME OF LATEST TRANSACTION | |
| control field | 20231002085015.0 |
| 020 ## - INTERNATIONAL STANDARD BOOK NUMBER | |
| International Standard Book Number | 9789924340591 |
| 040 ## - CATALOGING SOURCE | |
| Original cataloging agency | FISKH |
| Language of cataloging | eng |
| Transcribing agency | FISKH |
| Modifying agency | FISKH |
| 082 ## - DEWEY DECIMAL CLASSIFICATION NUMBER | |
| Classification number | 793.3 |
| 100 ## - MAIN ENTRY--PERSONAL NAME | |
| Personal name | Labbe, Lucie |
| 245 ## - TITLE STATEMENT | |
| Title | La Danse Classique Cambodgienne |
| Statement of responsibility, etc. | Texte et illustrations de Lucie Labbé |
| 260 ## - PUBLICATION, DISTRIBUTION, ETC. | |
| Place of publication, distribution, etc. | Phnom Penh : |
| Name of publisher, distributor, etc. | Sipar, |
| Date of publication, distribution, etc. | 2022. |
| 300 ## - PHYSICAL DESCRIPTION | |
| Extent | 40 pages : |
| Other physical details | color illustrations ; |
| Dimensions | 20 cm |
| 490 ## - SERIES STATEMENT | |
| Series statement | je voudrais savoir |
| 505 ## - FORMATTED CONTENTS NOTE | |
| Formatted contents note | Z'<br/> |
| 520 ## - SUMMARY, ETC. | |
| Summary, etc. | Khmer classical dance will guide you to know related documents of classical dance including lives of dancers, training, gesture, type of dance, characters and worship. Those characteristics brought Khmer classical dance to be listed as a world intangible heritage of humanity in November 2003. |
| 521 ## - TARGET AUDIENCE NOTE | |
| Target audience note | 1000<br/> |
| Source | Lexile estimate<br/> |
| 521 ## - TARGET AUDIENCE NOTE | |
| Target audience note | Z'<br/> |
| Source | Raz-Plus<br/> |
| 650 ## - SUBJECT ADDED ENTRY--TOPICAL TERM | |
| Topical term or geographic name entry element | របាំបុរាណ |
| Form subdivision | កាយវិកា |
| General subdivision | តួអង្គ |
| 650 ## - SUBJECT ADDED ENTRY--TOPICAL TERM | |
| Topical term or geographic name entry element | Danse Classique |
| 650 ## - SUBJECT ADDED ENTRY--TOPICAL TERM | |
| Topical term or geographic name entry element | Classical dance |
| Form subdivision | Gesture |
| General subdivision | Character |
| 700 ## - ADDED ENTRY--PERSONAL NAME | |
| Personal name | Labbé, Lucie |
| Titles and other words associated with a name | illustrator |
| 942 ## - ADDED ENTRY ELEMENTS (KOHA) | |
| Source of classification or shelving scheme | Dewey Decimal Classification |
| Koha item type | Books |
| Suppress in OPAC | No |
| 999 ## - | |
| -- | 1506 |
| -- | 1506 |
| Withdrawn status | Lost status | Source of classification or shelving scheme | Damaged status | Not for loan | Collection | Home library | Current library | Shelving location | Date acquired | Total Checkouts | Full call number | Barcode | Date last seen | Copy number | Price effective from | Koha item type |
|---|---|---|---|---|---|---|---|---|---|---|---|---|---|---|---|---|
| Dewey Decimal Classification | Non-Fiction | Footprints International School Library Network Toul Kork Campus | Footprints International School Library Network Toul Kork Campus | TK Floor 4 Rear Hallway Shelf 1 (Adult/Secondary Foriegn Language/Khmer) | 08/31/2023 | LAB 793.3 | 2023-0419 | 08/31/2023 | 1 | 08/31/2023 | Books | |||||
| Dewey Decimal Classification | Non-Fiction | Footprints International School Library Network Toul Kork Campus | Footprints International School Library Network Toul Kork Campus | TK Floor 4 Rear Hallway Shelf 1 (Adult/Secondary Foriegn Language/Khmer) | 08/31/2023 | LAB 793.3 | 2023-0420 | 08/31/2023 | 2 | 08/31/2023 | Books |
